| 000 | 00859cab a2200241 4500 | ||
|---|---|---|---|
| 001 | ABS46922 | ||
| 008 | 090401t1992 xxu||||| |||| 00| 0 eng d | ||
| 035 | _a(Sirsi) u60141 | ||
| 041 | _aeng | ||
| 100 | _aGniadkowski, S. | ||
| 245 | _aInsurance obligations in finance agreements | ||
| 260 | _c1992 | ||
| 350 | _a0 | ||
| 490 |
_aProperty Finance _vJuly 1992, 82-84(3) |
||
| 520 | _aWarns of the need to check the insurance provisions in each contract as different forms of contract provide different cover. Considers full reinstatement value, when a half-built project is damaged and additional cover for losses on the unbuilt part of the project. | ||
| 650 | _aBUILT ENVIRONMENT-BUILDING CONTRACT FORMS | ||
| 650 | _aFIRE | ||
| 650 | _aJCT | ||
| 650 | _aREINSTATEMENT VALUE | ||
| 690 |
_aInsurance _96249 |
||
| 942 | _n0 | ||
| 948 | _c04/03/1997 | ||
| 999 |
_c37048 _d37048 |
||